000 00573nam a2200181 i 4500
001 51633
003 ES-MaACL
005 20251015063059.0
007 t|
008 030814s1846 fr ||||1| fre d
100 1 _aDamiron, Jean Philibert,
_d1794-1862
_942574
245 1 0 _aEssai sur l'histoire de la philosophie en France au XVII siécle /
_cpar Ph. Damiron.
260 _aParis :
_bChez L. Hachette et Cie,
_c1846.
300 _a2 v. ;
_c23 cm.
650 4 _aFilosofía-
_zFrancia-
_yS.XVII.
_9170651
852 _aES-MaACL
_jG-8166-67
999 _c51633
_d51633